| 000 | 00787nam a2200253 i 4500 | ||
|---|---|---|---|
| 001 | 150972 | ||
| 003 | ES-MaACL | ||
| 005 | 20231114062541.0 | ||
| 007 | t| | ||
| 008 | 071123s2006 cl ||||1| spa d | ||
| 020 | _a956-247-404-6 | ||
| 080 | _a821.134.2(83) Neruda, Pablo 1.07 | ||
| 080 | _a929 Neruda, Pablo | ||
| 100 | 1 |
_aLoyola, Hernán. _974404 |
|
| 245 | 1 | 0 |
_aNeruda _b: la biografía literaria / _cHernán Loyola. |
| 260 |
_aSantiago (Chile) : _bSeix Barral, _c2006- |
||
| 300 |
_a1 v. ; _c24 cm. |
||
| 490 | 1 | _aBiblioteca breve | |
| 505 | 8 | _aContiene: I. La formación de un poeta (1904-1932) | |
| 600 | 1 | 4 |
_aNeruda, Pablo, _d1904-1973 _985398 |
| 830 | 0 |
_aBiblioteca breve (Seix Barral) _9227188 |
|
| 852 |
_aES-MaACL _jP-1996 _bR.142707 |
||
| 999 |
_c150972 _d150972 |
||